| 000 | 00593nam a22001937a 4500 | ||
|---|---|---|---|
| 999 |
_c19067 _d19067 |
||
| 003 | AR-CdUCM | ||
| 008 | 190226b ||||| |||| 00| 0 spa d | ||
| 040 |
_aMUNICIPALIDAD PROVINCIAL DEL CUSCO _cBIBLIOTECA MUNICIPAL DEL CUSCO |
||
| 082 |
_a985 / _bA47 |
||
| 100 |
_aAlva Orlnadini, Hernan _940157 |
||
| 245 | _aJose de la Riva-Aguero Osma / | ||
| 260 | _bBiblioteca Hombres del Perú | ||
| 300 |
_a145 páginas ; _c19cm |
||
| 440 |
_aBiblioteca Hombres del Perú _n4 _940158 |
||
| 505 | _aBiografías | ||
| 650 |
_abiografías _9148 |
||
| 942 |
_2ddc _cLIBROS |
||
| 945 |
_arjall _d2019-05-16 |
||